Three real, one fake (film & TV) - Statistics

General Stats
  • This quiz has been taken 35 times
  • The average score is 8 of 15
Answer Stats
Question Answer % Correct
Marvel superheroes The Flash
100%
based on a true story The Talented Mr. Ripley
100%
Is a Netflix original series Tulsa King
100%
Directed by Quentin Tarantino Machete
67%
Bond Girls Raquel Welch
67%
Released in the 90s Who Framed Roger Rabbit
67%
Disney sidekicks Bartok
33%
Earned more than $1 billion at the box office Batman Begins
33%
based on a book Good Will Hunting
33%
Directed by a woman Mean Girls
33%
Guest-starred on Friends Michelle Pfeiffer
33%
Stars Julia Roberts Sixteen Candles
33%
Is a musical The Wedding Singer
33%
Stars Leonardo DiCaprio Troy
33%
Won an Emmy for Outstanding Drama Series The Wire
0%
No matching quizzes found
Score Distribution
Percent of People with Each Score
Percentile by Number Answered
Your Score History
You have not taken this quiz